Guess the 1960s song lyrics #125 - Statistics

General Stats
  • This quiz has been taken 28 times
  • The average score is 192 of 273
Answer Stats
Answer % Correct
a
100%
A
100%
I
100%
you
100%
You
100%
and
96%
do
96%
is
96%
love
96%
The
96%
the
96%
This
96%
this
96%
to
96%
it
92%
me
92%
my
92%
of
88%
that
88%
for
85%
if
85%
mine
85%
heart
81%
not
81%
by
77%
it's
77%
old
77%
been
73%
But
73%
day
73%
I'll
73%
I'm
73%
too
73%
what
73%
yes
73%
Yes
73%
broke
69%
now
69%
or
69%
take
69%
time
69%
want
69%
You're
69%
Each
65%
each
65%
times
65%
way
65%
Cause
62%
got
62%
here
62%
more
62%
thousand
62%
with
62%
away
58%
break
58%
going
58%
leave
58%
back
54%
feel
54%
hurt
54%
Like
54%
never
54%
Tell
54%
down
50%
keeps
50%
come
46%
coming
46%
gone
46%
head
46%
hundred
46%
passes
46%
knowing
42%
Lonely
42%
nights
42%
Though
42%
world
42%
yours
42%
about
38%
again
38%
Always
38%
always
38%
Isley Brothers
38%
stay
38%
week
38%
around
35%
kiss
35%
Makes
35%
proud
35%
tears
35%
These
35%
these
35%
try
35%
you've
35%
Bringing
31%
hurting
31%
myself
31%
cryin
27%
darling
27%
fool
27%
hide
27%
incomplete
27%
inside
27%
leaves
27%
memories
27%
miss
27%
remind
27%
shout
27%
show
27%
treat
27%
whenever
27%
arms
23%
Maybe
23%
mistake
23%
fear
19%
having
19%
start
19%
control
15%
flow
15%
half
15%
spinnin
15%
starts
15%
weak
15%
grinnin
12%
pouring
8%
No matching quizzes found
Score Distribution
Percent of People with Each Score
Percentile by Number Answered
Your Score History
You have not taken this quiz